000 01363nam a2200337 i 4500
001 000017732
003 DO-SdBNP
005 20260526093539.0
007 ta
008 100331s1972 dr 000 0cspa d
040 _aDO-SdBNP
_bspa
_cBNPHU
_erda
041 _aspa
082 4 _a920.729356
_bM149s 1972
_222
100 1 _aMachado Báez, Manuel A.,
_eautor
_4aut.
_938585
245 1 0 _aSantiagueses ilustres de la colonia /
_cManuel A. Machado Báez.
246 1 4 _aVisión panorámica de las letras coloniales en Santiago 1518-1822
250 _asegunda edición corregida y aumentada.
264 1 _aSanto Domingo, República Dominicana :
_bEdiciones Centurión,
_c1972.
300 _a198 páginas ;
_c23 cm.
336 _atexto
_btxt
_2rdacontent
337 _asin mediación
_bn
_2rdamedia
338 _avolumen
_bnc
_2rdacarrier
500 _aIncluye referencias bibliográficas y notas al pie de las páginas.
590 _aInventariado, 2020/VM
650 4 _aGenealogía
_zSantiago De Los Caballeros (República Dominicana)
_938586
650 4 _aCiudades y pueblos
_xHistoria
_zRepública Dominicana
_912424
651 4 _aSantiago de los Caballeros (Republica Dominicana)
_vBiografías
_98269
651 4 _aSantiago de los Caballeros (Republica Dominicana)
_xHistoria local
_98269
910 _aValidado. Control de calidad EMS
942 _2ddc
_cLBS1
999 _c17257
_d17257